000 00249nam a2200109Ia 4500
008 220204s9999 xx 000 0 und d
082 _a82-3
_bAKI
100 _aAkilon
245 0 _aFlower of gold
260 _aNew Delhi
_bSterling
_c1978
942 _cBK
999 _c29073
_d29073